| 000 | 00826nam a2200241 a 4500 | ||
|---|---|---|---|
| 999 |
_c10909 _d10909 |
||
| 001 | 10909 | ||
| 003 | BD-JhCC | ||
| 005 | 20190706081942.0 | ||
| 008 | 190527b20172008bd ||||| |||| 00| 0 eng d | ||
| 035 | _a(BD-JhCC)10909 | ||
| 040 |
_aBD-JhCC _dBD-JhCC |
||
| 041 | _aben | ||
| 082 |
_bZAM 2017 _a649.1 |
||
| 100 | _aজামান, আমির | ||
| 245 |
_aপ্যারেন্টিং : _bএই আধুনিক যুগে আমাদের সন্তানকে কিভাবে মানুষ করবো? / _cআমির জামান, নাজমা জামান |
||
| 260 |
_aঢাকা: _bআইএফডি; _c2017. |
||
| 300 |
_a272 p. : _c22 cm. |
||
| 650 | _aGuidness | ||
| 650 | _aParenting | ||
| 700 | _aজামান, নাজমা | ||
| 942 |
_2ddc _cBK |
||